Normale Ansicht MARC-Ansicht ISBD

Augen der Doppelstadt. (Titelsatznr. 371453)

[ MARC ]
MARC-Details
000 -Satzkennung
Kontrollfeld mit fester Länge 00539nab a2200193 4500
001 - Kontrollnummer
Kontrollfeld 239499
003 - Kontrollnummer Identifier
Kontrollfeld OSt
005 - Datum und Zeit der letzten Transaktion
Kontrollfeld 20220223130048.0
007 - Feld mit fester Länge zur physischen Beschreibung - Allgemeine Information
Kontrollfeld mit fester Länge tu
008 - Feld mit fester Länge zur physischen Beschreibung - Allgemeine Angaben
Kontrollfeld mit fester Länge 180529s2018|||||||
040 ## - Katalogisierungsquelle
Original-Katalogisierungsstelle DE-2950
Übertragungsstelle DE-2950
245 05 - Titel
Titel Augen der Doppelstadt.
Zusatz zum Titel Sozialer Zusammenhalt in der Doppelstadt/
Verfasserangabe etc. Monika Linde ; Lothar Ruhlig ; Maciej Rokita
264 ## - Produktion, Veröffentlichung, Distribution, Herstellung und Urheberrechtsvermerk
Datum der Herstellung, der Veröffentlichung, des Vertriebs oder des Urheberschutzvermerks 2021
653 ## - Indexierungsterm - Nicht normiert
Nicht-normierter Term Frankfurt (Oder)
653 ## - Indexierungsterm - Nicht normiert
Nicht-normierter Term Leonhardt, Monika
653 ## - Indexierungsterm - Nicht normiert
Nicht-normierter Term Kunstprojekt
773 0# - Übergeordnete Einheit
Verknüpfungsangaben 22/ 2. Halbjahr 2021, S. 20-21: Fotos
Titel Wir im Quartier
942 ## - Zusätzliche Felder (Koha)
Klassifikation oder Aufstellungssystematik Andere/Generische Klassifikation
Koha-Medientyp Aufsätze
Exemplare
Ausgeschieden Verloren Klassifikation oder Aufstellungssystematik Beschädigt Nicht entleihbar Heimatbibliothek Aufenthaltsbibliothek Aufstellungsort Erwerbungsdatum Anzahl Ausleihen Signatur Letzte Aktivität Preis gültig von Koha-Medientyp
    Andere/Generische Klassifikation     Stadtarchiv Frankfurt (Oder) | Archivbibliothek Stadtarchiv Frankfurt (Oder) | Archivbibliothek Lesesaal 23/02/2022   Z17 23/02/2022 23/02/2022 Aufsätze